Planeación ambiental del Sector de Hidrocarburos para la conservación de la biodiversidad en áreas de interés para la agencia natural de hidrocarburos de Colombia (Registro nro. 6719)

Detalles MARC
000 -CABECERA
Campo de control 00566nam a2200169 a 4500
005 - FECHA Y HORA DE LA ULTIMA TRANSACCION
Campo de control 20150106144727.0
008 - ELEMENTOS DE LONGITUD FIJA—INFORMACION GENERAL
Campo de control 140130b2008 ck ||||| |||| 00| 0 spa d
040 ## - FUENTE DE CATALOGACIÓN
Agencia catalogadora original CO-BoIAVH
Agencia transcriptora CO-BoIAVH
041 ## - IDIOMA
Código de idioma para texto/pista de sonido o título separado Español
044 ## - PAÍS DE PUBLICACIÓN
País de publicación Colombia
090 ## - CLASIFICACIÓN LOCAL
Colección IAVH
Consecutivo 01264
100 ## - ASIENTO PRINCIPAL--NOMBRE PERSONAL
Nombre personal Albarracín, Jonathan
245 ## - MENCION DE TITULO
Título Planeación ambiental del Sector de Hidrocarburos para la conservación de la biodiversidad en áreas de interés para la agencia natural de hidrocarburos de Colombia
Parte restante del título Informe final
260 ## - PUBLICACION, DISTRIBUCION, ETC. (PIE DE IMPRENTA)
Lugar de publicación, distribución, etc. Bogotá
Nombre del editor, distribuidor, etc. IAVH
Fecha de publicación, distribución, etc. 2008
300 ## - DESCRIPCION FISICA
Extensión 10 p.
942 ## - ELEMENTOS ADICIONALES (KOHA)
Tipo de ítem Informe Técnico
Sistema de clasificación Local
Existencias
Withdrawn status Lost status Sistema de Clasificación Damaged status No para préstamo Colección Inventariado Ubicación Permanente Ubicación actual Fecha de adquisición Total Checkouts Número topográfico Inventario / Código de Barras Date last seen Ejemplar Price effective from Forma de adquisición Tipo de material
    Local     Humboldt Inventariado 2017 Bogotá Bogotá 12/12/2008   IAVH-01264 026627 09/08/2024 Ej. 1 04/12/2012   Informe Técnico